00255nam a2200109Ia 4500008004100000100001800041245003400059260001500093650001300108942000700121999001700128190216s9999||||xx |||||||||||||| ||und|| aIvan Turgemev 0aPremathe Patti Moonu Kathakal bRaduga Pub aKathakal cBK c26635d26635